[Event "12.PSF-A"]
[Site "Prague"]
[Date "2016.06.26"]
[Round "9.5"]
[White "Ptacnikova, Lenka"]
[Black "Brcak, Marek"]
[Result "0-1"]
[WhiteElo "2169"]
[BlackElo "1866"]
[PlyCount "62"]
[EventDate "2016.06.25"]
[EventType "swiss"]
[EventRounds "9"]
[EventCountry "CZE"]

1. c4 e5 2. g3 Nf6 3. Bg2 d5 4. cxd5 Nxd5 5. Nf3 Nc6 6. O-O Be7 7. d4 exd4 8.
Nxd4 Nxd4 9. Qxd4 Nf6 10. Qa4+ Bd7 11. Qc2 Qc8 12. Rd1 O-O 13. Nc3 Bh3 14. Bh1
c6 15. Bf4 Qe6 16. e4 Rfd8 17. Re1 Rd4 18. Be3 Rd7 19. f3 Rad8 20. Ne2 Nd5 21.
Nf4 Nxe3 22. Rxe3 Rd2 23. Qc3 Qh6 24. Ng2 Bxg2 25. Bxg2 Bc5 26. Rae1 Bxe3+ 27.
Rxe3 Rd1+ 28. Re1 Qd2 29. Qxd2 R8xd2 30. Rxd1 Rxd1+ 31. Bf1 Rd2 0-1

[Event "12.PSF-A"]
[Site "Prague"]
[Date "2016.06.26"]
[Round "9.6"]
[White "Istona, Martin"]
[Black "Pochinkov, Andrey"]
[Result "1-0"]
[WhiteElo "2173"]
[BlackElo "2125"]
[PlyCount "69"]
[EventDate "2016.06.25"]
[EventType "swiss"]
[EventRounds "9"]
[EventCountry "CZE"]

1. e4 e6 2. d4 d5 3. e5 c5 4. c3 Nc6 5. Nf3 Bd7 6. Be2 Qc7 7. O-O f6 8. c4 fxe5
9. dxe5 d4 10. Bf4 Nge7 11. Nbd2 Ng6 12. Bg3 Nce7 13. Bd3 Qb6 14. Rb1 a5 15.
Re1 O-O-O 16. a3 Nf5 17. Ne4 Nxg3 18. hxg3 a4 19. b4 axb3 20. Rxb3 Qa6 21. Qb1
Kc7 22. Nd6 Rb8 23. Nb5+ Bxb5 24. Rxb5 Ne7 25. Ng5 g6 26. Rxc5+ Nc6 27. Nxe6+
Kd7 28. Nxf8+ Rhxf8 29. Rb5 Kc7 30. Qb2 Rfe8 31. f4 Ra8 32. Rb1 Ra7 33. Be4 Rb8
34. Rb6 Qxa3 35. Rxc6+ 1-0

[Event "12.PSF-A"]
[Site "Prague"]
[Date "2016.06.26"]
[Round "9.7"]
[White "Ayriyan, Bella"]
[Black "Benes, Petr"]
[Result "0-1"]
[WhiteElo "1858"]
[BlackElo "2015"]
[PlyCount "68"]
[EventDate "2016.06.25"]
[EventType "swiss"]
[EventRounds "9"]
[EventCountry "CZE"]

1. e4 e5 2. Nf3 f5 3. Bc4 fxe4 4. Nxe5 d5 5. Qh5+ g6 6. Nxg6 Nf6 7. Qe5+ Be7 8.
Bb5+ c6 9. Nxh8 cxb5 10. Nc3 Nc6 11. Qg5 Nd4 12. O-O b4 13. Nd1 Be6 14. Ne3 Qc7
15. c3 Ne2+ 16. Kh1 Kd7 17. Ng6 Rg8 18. Qe5 Bd6 19. Qxf6 Rxg6 20. Qh4 Kc8 21.
g3 Qf7 22. d4 Bg4 23. Ng2 Nxc1 24. Raxc1 Be7 25. cxb4+ Kd8 26. Nf4 Bxh4 27.
Nxg6 Bf3+ 28. Kg1 Qxg6 29. Rc5 Qf5 30. Rfc1 Be7 31. Rc8+ Qxc8 32. Rxc8+ Kxc8
33. a3 Bg5 34. h4 Bc1 {Jestli jsem to vylustil spravne, to fakt nevim ...} 0-1

[Event "12.PSF-A"]
[Site "Prague"]
[Date "2016.06.26"]
[Round "9.8"]
[White "Vardan, Nagpal"]
[Black "Aubrecht, Petr"]
[Result "0-1"]
[WhiteElo "1864"]
[BlackElo "1890"]
[PlyCount "110"]
[EventDate "2016.06.25"]
[EventType "swiss"]
[EventRounds "9"]
[EventCountry "CZE"]

1. d4 Nf6 2. c4 g6 3. Nc3 Bg7 4. e4 d6 5. f3 O-O 6. Nge2 c5 7. d5 Bd7 8. Be3
Na6 9. Nc1 Rb8 10. Be2 Nc7 11. a4 a6 12. a5 b5 13. axb6 Rxb6 14. Nd3 Rb7 15.
O-O Nfe8 16. Qd2 e6 17. Kh1 exd5 18. exd5 f5 19. Rfe1 Nf6 20. Bf4 Rb6 21. Bd1
Nh5 22. Bh6 Bxh6 23. Qxh6 Qh4 24. Qd2 Qxc4 25. Ba4 Nb5 26. g4 Nf6 27. Bb3 Qxb3
28. Nc1 Qb4 29. Ra4 Nd4 30. Rxb4 Rxb4 31. Rf1 fxg4 32. f4 Nf3 33. Qf2 Rxf4 34.
Rd1 h5 35. N1e2 Rf5 36. Ng3 Re5 37. Qc2 Bf5 38. Nxf5 gxf5 39. Qc1 Rfe8 40. Qh6
Kf7 41. Rf1 Rb8 42. Qc1 Rbe8 43. Qf4 Kg6 44. Qa4 Ne4 45. Qxa6 Kg5 46. Qb7 R5e7
47. Qa6 Nxc3 48. bxc3 Re2 49. Rxf3 gxf3 50. Kg1 Rd2 51. Kf1 f2 52. h4+ Kxh4 53.
Qa4+ Re4 54. Qxe4+ fxe4 55. c4 e3 0-1

[Event "12.PSF-A"]
[Site "Prague"]
[Date "2016.06.26"]
[Round "9.10"]
[White "Fiser, Jiri"]
[Black "Fabian, Jan"]
[Result "1-0"]
[WhiteElo "1981"]
[BlackElo "1302"]
[PlyCount "65"]
[EventDate "2016.06.25"]
[EventType "swiss"]
[EventRounds "9"]
[EventCountry "CZE"]

1. e4 e6 2. d4 d5 3. Nd2 Nf6 4. e5 Nfd7 5. f4 c5 6. c3 Nc6 7. Ngf3 Qb6 8. Nb3
a5 9. a4 c4 10. Nbd2 Be7 11. Be2 f6 12. Nf1 O-O 13. Ne3 f5 14. O-O Qc7 15. b3
cxb3 16. Qxb3 h6 17. Bd2 Qb6 18. Qc2 Qc7 19. g4 g6 20. gxf5 gxf5 21. Kh1 Qd8
22. Rg1+ Kh7 23. Rg3 Qe8 24. Rag1 Rf7 25. Rh3 Bf8 26. Ng5+ Kh8 27. Bh5 Nd8 28.
Nxf7+ Nxf7 29. Nxf5 exf5 30. Qxf5 Ndxe5 31. Qf6+ Kh7 32. fxe5 Bxh3 33. Qg6+ 1-0

[Event "12.PSF-A"]
[Site "Prague"]
[Date "2016.06.26"]
[Round "9.11"]
[White "Bartos, Miroslav"]
[Black "Janacek, Jaroslav"]
[Result "1/2-1/2"]
[WhiteElo "1862"]
[BlackElo "2008"]
[PlyCount "125"]
[EventDate "2016.06.25"]
[EventType "swiss"]
[EventRounds "9"]
[EventCountry "CZE"]

1. c4 e5 2. g3 d6 3. Bg2 f5 4. e3 Nf6 5. Ne2 Be7 6. d4 c6 7. dxe5 dxe5 8. Qxd8+
Bxd8 9. b3 Ba5+ 10. Nbc3 Na6 11. O-O O-O 12. a3 Nc5 13. Rb1 Nd3 14. Bd2 Bc7 15.
Nc1 Nc5 16. b4 Ne6 17. b5 e4 18. Nb3 Ng4 19. Ne2 Ne5 20. Rfc1 Nd3 21. Rc2 Bd6
22. bxc6 bxc6 23. Ned4 Bd7 24. Nxe6 Bxe6 25. Nd4 Bd7 26. Rb7 Nc5 27. Rbb2 Rfb8
28. Bh3 g6 29. g4 fxg4 30. Bg2 Re8 31. Bb4 a5 32. Bxc5 Bxc5 33. Rb7 Rad8 34.
Nb3 Bxa3 35. Nxa5 c5 36. Rd2 Bf5 37. Rd5 Rxd5 38. cxd5 Rd8 39. Nc6 Re8 40. d6
c4 41. d7 Bxd7 42. Rxd7 c3 43. Nd4 h5 44. Nc2 Bc5 45. Rc7 Re5 46. Bxe4 Bxe3 47.
Nxe3 Rxe4 48. Rxc3 Kg7 49. Rc6 Kh6 50. Rc4 Re5 51. Rd4 Ra5 52. Kg2 Ra2 53. Rd6
Kg5 54. Rd5+ Kf4 55. Rd6 Kg5 56. Rb6 Ra5 57. Rd6 Ra3 58. Nc4 Ra8 59. Ne5 Rg8
60. Nf7+ Kh4 61. Nh6 Rg7 62. Rf6 Kg5 63. Nxg4 1/2-1/2

[Event "12.PSF-A"]
[Site "Prague"]
[Date "2016.06.26"]
[Round "9.12"]
[White "Lhotsky, Zdenek"]
[Black "Ruzicka, Ondrej"]
[Result "1-0"]
[WhiteElo "1684"]
[BlackElo "1927"]
[PlyCount "49"]
[EventDate "2016.06.25"]
[EventType "swiss"]
[EventRounds "9"]
[EventCountry "CZE"]

1. e4 c5 2. Nf3 g6 3. d4 cxd4 4. Nxd4 Bg7 5. c4 Nc6 6. Be3 Nf6 7. Nc3 O-O 8.
Be2 d6 9. O-O h5 10. f3 Be6 11. Nxe6 fxe6 12. f4 Qa5 13. Kh1 Bh6 14. g4 hxg4
15. Bxg4 e5 16. Be6+ Kg7 17. Bd2 Qc5 18. f5 Qd4 19. Bxh6+ Kxh6 20. Qe1 Qd3 21.
Qh4+ Nh5 22. Qg4 Rf6 23. Nd5 gxf5 24. exf5 Rxe6 25. fxe6 {Nerozlusteno, bily
vyhral v 43.tahu} 1-0

[Event "12.PSF-A"]
[Site "Prague"]
[Date "2016.06.26"]
[Round "9.13"]
[White "Docekalova, Alexandra"]
[Black "Hernandez, Yanez Javier"]
[Result "1-0"]
[WhiteElo "1855"]
[BlackElo "1919"]
[PlyCount "81"]
[EventDate "2016.06.25"]
[EventType "swiss"]
[EventRounds "9"]
[EventCountry "CZE"]

1. e3 Nf6 2. Nf3 g6 3. d4 c5 4. Be2 Bg7 5. O-O Qc7 6. c4 O-O 7. Nc3 d6 8. Qc2
Nc6 9. a3 a6 10. b3 b6 11. Bb2 Bf5 12. Qd1 Rad8 13. d5 Ne5 14. Nd2 Bc8 15. h3
e6 16. f4 Ned7 17. e4 exd5 18. exd5 Rfe8 19. Bd3 Re3 20. Rf3 Rde8 21. Nf1 Rxf3
22. Qxf3 Nf8 23. g4 Qe7 24. Na4 N8d7 25. Rd1 Bb7 26. Rd2 Qe1 27. Re2 Rxe2 28.
Qxe2 Qxe2 29. Bxe2 Ne4 30. Bxg7 Kxg7 31. Bd3 Nef6 32. Ne3 Ne8 33. Nc3 h6 34.
Kf2 Kf6 35. Bc2 Nf8 36. b4 Bc8 37. Ba4 Nc7 38. Bc6 cxb4 39. axb4 h5 40. Na4 b5
41. Nb6 1-0

[Event "12.PSF-A"]
[Site "Prague"]
[Date "2016.06.26"]
[Round "9.14"]
[White "Stojkovic, Andreja"]
[Black "Kunc, Jan"]
[Result "1-0"]
[WhiteElo "1877"]
[BlackElo "1770"]
[PlyCount "53"]
[EventDate "2016.06.25"]
[EventType "swiss"]
[EventRounds "9"]
[EventCountry "CZE"]

1. e4 c5 2. Nf3 d6 3. d4 cxd4 4. Nxd4 Nf6 5. Nc3 a6 6. h3 e6 7. g4 Qc7 8. Bg2
Be7 9. O-O O-O 10. Kh1 Nc6 11. Nxc6 bxc6 12. f4 d5 13. f5 Bb7 14. g5 Nd7 15.
Qg4 Ne5 16. Qg3 Bd6 17. Bf4 d4 18. Ne2 c5 19. f6 g6 20. Qh4 Kh8 21. Qg3 Nc4 22.
b3 Bxf4 23. Nxf4 Ne3 24. Nxg6+ hxg6 25. Qh4+ Kg8 26. Qh6 Nf5 27. Rxf5 1-0

[Event "12.PSF-A"]
[Site "Prague"]
[Date "2016.06.26"]
[Round "9.15"]
[White "Hacaperka, Michal"]
[Black "Ruzicka, Filip"]
[Result "1/2-1/2"]
[WhiteElo "1861"]
[BlackElo "1570"]
[PlyCount "61"]
[EventDate "2016.06.25"]
[EventType "swiss"]
[EventRounds "9"]
[EventCountry "CZE"]

1. e4 c5 2. Nc3 d6 3. f4 g6 4. Nf3 Bg7 5. Bc4 e6 6. O-O Nc6 7. d3 Nge7 8. a3 a6
9. Qe1 O-O 10. Ba2 b5 11. Ne2 b4 12. axb4 Nxb4 13. Bb3 a5 14. Nc3 Nec6 15. Na4
Ba6 16. Bd2 Rb8 17. Ra3 Nd4 18. Nxd4 Bxd4+ 19. Kh1 d5 20. Bc3 dxe4 21. Qxe4 Rc8
22. Bxb4 axb4 23. Ra2 c4 24. dxc4 Bxc4 25. Bxc4 Rxc4 26. b3 Rc7 27. Rd1 Rd7 28.
Qc6 Rd6 29. Qb5 Qb8 30. Qxb8 Rxb8 31. Nb2 1/2-1/2

[Event "12.PSF-A"]
[Site "Prague"]
[Date "2016.06.26"]
[Round "9.16"]
[White "Giacometto, Mario"]
[Black "Mach, Petr"]
[Result "1/2-1/2"]
[WhiteElo "1906"]
[BlackElo "1699"]
[PlyCount "60"]
[EventDate "2016.06.25"]
[EventType "swiss"]
[EventRounds "9"]
[EventCountry "CZE"]

1. e4 c5 2. Nf3 e6 3. c3 d5 4. e5 Nc6 5. d4 Qb6 6. a3 cxd4 7. cxd4 Nge7 8. b4
Nf5 9. Be3 Nxe3 10. fxe3 Bd7 11. Bd3 Rc8 12. O-O Be7 13. Nbd2 f6 14. exf6 Bxf6
15. Qe2 O-O 16. Rac1 e5 17. dxe5 Nxe5 18. Nxe5 Bxe5 19. Rxc8 Rxc8 20. Bxh7+
Kxh7 21. Qh5+ Qh6 22. Qxe5 Re8 23. Qxd5 Qxe3+ 24. Kh1 Bc6 25. Qh5+ Kg8 26. Qf7+
Kh8 27. Rf5 Bxg2+ 28. Kxg2 Qxd2+ 29. Rf2 Qg5+ 30. Kf1 Qc1+ 1/2-1/2

[Event "12.PSF-A"]
[Site "Prague"]
[Date "2016.06.26"]
[Round "9.17"]
[White "Kozlova, Lucie"]
[Black "Mach, st. Petr"]
[Result "1-0"]
[WhiteElo "1636"]
[BlackElo "1688"]
[PlyCount "69"]
[EventDate "2016.06.25"]
[EventType "swiss"]
[EventRounds "9"]
[EventCountry "CZE"]

1. c4 e5 2. e3 Nf6 3. Nc3 Nc6 4. d4 Bb4 5. f3 O-O 6. a3 Be7 7. d5 Nb8 8. Bd3 d6
9. Nge2 Nbd7 10. b4 c5 11. b5 Nh5 12. Ne4 f5 13. N4g3 Bh4 14. O-O Bxg3 15. Nxg3
Nxg3 16. hxg3 Nf6 17. Kf2 e4 18. Be2 Bd7 19. Rh1 Qe8 20. f4 a6 21. Rb1 axb5 22.
cxb5 b6 23. a4 Qf7 24. Bc4 Ng4+ 25. Ke2 Qg6 26. Bb2 Nf6 27. Rh4 Qxg3 28. Qh1
Ng4 29. Rxg4 Qxg4+ 30. Kf2 Rxa4 31. Be2 Qg6 32. Qh4 Be8 33. Bc3 Ra3 34. Ba1 Ra2
35. Bb2 {Cas} 1-0